000
00245nam a22001217a 4500
040
_c
HS
082
_a
636
100
_a
JACKSON
245
_a
Clinical examination of farm animals
260
_a
RUA
_b
JACKSON
_c
NA
300
_a
138p;
942
_c
EK
999
_c
10312
_d
10312